|
|
|
|
| LEADER |
00000nas a2200000 i 4500 |
| 001 |
ssj0000939193 |
| 003 |
WaSeSS |
| 005 |
20200512172242.0 |
| 006 |
m d |
| 007 |
cr n |
| 008 |
130131d20132013kyumr p s 0 a0eng |
| 010 |
|
|
|a 2013204321
|
| 022 |
|
|
|y 2326-8670
|
| 035 |
|
|
|a (WaSeSS)ssj0000939193
|
| 037 |
|
|
|b National Underwriter Co., 5081 Olympic Blvd., Erlanger, KY 41018-3184
|
| 040 |
|
|
|a WLL
|b eng
|c WLL
|d AUM
|d DLC
|d OCLCQ
|d DLC
|d ZYU
|d OCLCF
|d OCLCQ
|d AU@
|d OCLCO
|d OCLCQ
|d OCLCO
|d WaSeSS
|
| 042 |
|
|
|a pcc
|a nsdp
|
| 050 |
0 |
0 |
|a HG8011
|b .N35
|
| 082 |
0 |
0 |
|a 368.1
|2 23
|
| 222 |
|
0 |
|a Property casualty 360
|
| 245 |
0 |
0 |
|a Property casualty 360
|h [electronic resource].
|
| 246 |
3 |
|
|a Property casualty three hundred sixty
|
| 246 |
3 |
|
|a Property casualty 360 National Underwriter
|
| 260 |
|
|
|a Erlanger, Ky. :
|b National Underwriter Co.,
|c [2013]-
|
| 310 |
|
|
|a Monthly
|
| 362 |
1 |
|
|a Began with: V. 117, issue 1 (Jan. 2013); ceased with: V. 117, issue 8 (Aug. 2013).
|
| 506 |
|
|
|a License restrictions may limit access.
|
| 588 |
|
|
|a Description based on: V. 117, issue 1 (January 2013); title from cover.
|
| 588 |
|
|
|a Latest issue consulted: V. 117, issue 2 (February 2013) (surrogate).
|
| 650 |
|
0 |
|a Property insurance
|v Periodicals.
|
| 650 |
|
0 |
|a Casualty insurance
|v Periodicals.
|
| 650 |
|
0 |
|a Employee fringe benefits
|v Periodicals.
|
| 650 |
|
0 |
|a Risk (Insurance)
|v Periodicals.
|
| 650 |
|
7 |
|a Casualty insurance.
|2 fast
|0 (OCoLC)fst01715790
|
| 650 |
|
7 |
|a Employee fringe benefits.
|2 fast
|0 (OCoLC)fst00908971
|
| 650 |
|
7 |
|a Property insurance.
|2 fast
|0 (OCoLC)fst01715900
|
| 650 |
|
7 |
|a Risk (Insurance)
|2 fast
|0 (OCoLC)fst01098134
|
| 655 |
|
0 |
|a Electronic journals.
|
| 710 |
2 |
|
|a National Underwriter Company.
|
| 780 |
0 |
0 |
|t National underwriter. P & C
|x 1940-1353
|w (DLC) 2004252370
|w (OCoLC)54802837
|
| 785 |
0 |
0 |
|t National Underwriter property & casualty
|x 2331-5326
|w (DLC) 2013273525
|w (OCoLC)858458985
|
| 850 |
|
|
|a DLC
|
| 856 |
4 |
0 |
|z Full text available from Research Library: 07/26/2011 to present
|u https://search.proquest.com/publication/44704
|
| 856 |
4 |
0 |
|z Full text available from Research Library: 01/01/2013 to present
|u https://search.proquest.com/publication/726379
|